[Event "Alcorcon Diagonal op 1st"]
[Site "Alcorcon"]
[Date "2022.01.29"]
[Round "3"]
[White "Diaz Garcia, Alejandro"]
[Black "Bustos Bernardo, Samuel"]
[Result "0-1"]
[WhiteElo "1567"]
[BlackElo "2156"]
[PlyCount "48"]
[EventDate "2022.01.15"]
[EventType "swiss"]
[EventRounds "7"]
[EventCountry "ESP"]
[SourceTitle "EXT 2023"]
[Source "ChessBase"]
[SourceDate "2022.10.05"]
[SourceVersion "1"]
[SourceVersionDate "2022.10.05"]
[SourceQuality "1"]

1. c4 c5 2. Nf3 Nf6 3. g3 d5 4. cxd5 Nxd5 5. Bg2 Nc6 6. d4 cxd4 7. Nxd4 e5 8. Nxc6 bxc6 9. 0-0 Be7 10. Qa4 Bd7 11. Rd1 Qb6 12. Na3 Rd8 13. Nc4 Qc7 14. Bd2 0-0 15. Ba5 Nb6 16. Rac1 Be6 17. Rxd8 Rxd8 18. Nxb6 axb6 19. Rxc6 Qa7 20. Rxb6 Bc5 21. Rb7 Qa6 22. h4 Qxe2 23. g4 Qxf2+ 24. Kh1 Qg1# 0-1

[Event "Alcorcon Diagonal op 1st"]
[Site "Alcorcon"]
[Date "2022.01.22"]
[Round "2"]
[White "Crespo Pedrero, Lorenzo"]
[Black "Diaz Garcia, Alejandro"]
[Result "0-1"]
[WhiteElo "1327"]
[BlackElo "1567"]
[PlyCount "72"]
[EventDate "2022.01.15"]
[EventType "swiss"]
[EventRounds "7"]
[EventCountry "ESP"]
[SourceTitle "EXT 2023"]
[Source "ChessBase"]
[SourceDate "2022.10.05"]
[SourceVersion "1"]
[SourceVersionDate "2022.10.05"]
[SourceQuality "1"]

1. e4 c6 2. Nc3 d5 3. Nf3 Bg4 4. h3 Bxf3 5. Qxf3 Nf6 6. d3 e6 7. Bd2 Be7 8. g4 0-0 9. Qg3 dxe4 10. Nxe4 Nxe4 11. dxe4 Qd4 12. 0-0-0 Qxe4 13. Bd3 Qa4 14. Kb1 Na6 15. g5 Nb4 16. Bxb4 Qxb4 17. h4 Rad8 18. Rdg1 Bd6 19. Qe3 Bc5 20. Qf3 Bd4 21. c3 Bxc3 22. b3 Be5 23. Qe4 Qxe4 24. Bxe4 Rd2 25. Bc2 Rxf2 26. h5 g6 27. hxg6 hxg6 28. Rh6 Bg7 29. Rh3 Rd8 30. a4 Rdd2 31. Rc1 Be5 32. Rh4 Bf4 33. Rg4 Rde2 34. Rd1 Rxc2 35. Rxf4 Rb2+ 36. Kc1 Rfc2# 0-1